| 000 | 01210nam a2200385 i 4500 | ||
|---|---|---|---|
| 001 | 5705 | ||
| 003 | KOSZ 005 | ||
| 005 | 20220624114622.0 | ||
| 008 | 970510s1993 pl a f f |000 0 pol | ||
| 015 | _aPB 1994/3430 | ||
| 020 | _a8301110260 | ||
| 040 |
_aWA N _cWA N _dKOSZ 005/HR |
||
| 046 | _k1993 | ||
| 080 | _a340.12(438)(091) | ||
| 080 | _a(075.8) | ||
| 100 | 1 |
_aBardach, Juliusz _d(1914-2010) _eAutor |
|
| 245 | 1 | 0 | _aHistoria ustroju i prawa polskiego. |
| 260 |
_aWarszawa : _bWydaw. Naukowe PWN, _c1993. |
||
| 300 |
_a654, [2] s. : _bmapy ; _c25 cm. |
||
| 380 | _aKsiążki | ||
| 388 | _a1901-2000 | ||
| 388 | _a1989-2000 | ||
| 504 | _aBibliogr. s. 638-644. | ||
| 650 | 4 | _aHistoria prawa | |
| 650 | 4 | _aUstrój | |
| 651 | 4 | _aPolska | |
| 655 | 4 | _aPodręczniki akademickie | |
| 658 | _aHistoria | ||
| 658 | _aPrawo i wymiar sprawiedliwości | ||
| 700 | 1 |
_aPietrzak, Michał _d(1929-2021) _eAutor |
|
| 700 | 1 |
_aLeśnodorski, Bogusław _d(1914-1985) _eAutor |
|
| 710 | 2 |
_aWydawnictwo Naukowe PWN _4pbl. |
|
| 856 |
_uhttp://koha.tu.koszalin.pl/cgi-bin/koha/opac-detail.pl?biblionumber=5705 _yKatalog online BPK |
||
| 942 |
_2UKD _cKS |
||
| 999 |
_c5705 _d5705 |
||